The Merriam-Webster dictionary
This language reference consists of 65000 entries covering the core vocabulary of everyday life. It offers more than 75,000 definitions. It also Includes pronunciations, word origins, and synonym lists
Enregistré dans:
| Format: | Livre |
|---|---|
| Langue: | Undetermined |
| Publié: |
Springfield, MA
Merriam-Webster
2004
|
| Sujets: | |
| Tags: |
Ajouter un tag
Pas de tags, Soyez le premier à ajouter un tag!
|
| Thư viện lưu trữ: | Trung tâm Học liệu Trường Đại học Cần Thơ |
|---|
| LEADER | 00696nam a2200193Ia 4500 | ||
|---|---|---|---|
| 001 | CTU_126462 | ||
| 008 | 210402s9999 xx 000 0 und d | ||
| 020 | |c 3.00 | ||
| 082 | |a 423 | ||
| 082 | |b M569 | ||
| 245 | 4 | |a The Merriam-Webster dictionary | |
| 260 | |a Springfield, MA | ||
| 260 | |b Merriam-Webster | ||
| 260 | |c 2004 | ||
| 520 | |a This language reference consists of 65000 entries covering the core vocabulary of everyday life. It offers more than 75,000 definitions. It also Includes pronunciations, word origins, and synonym lists | ||
| 650 | |a English language | ||
| 650 | |x Tiếng Anh | ||
| 904 | |i Phương Kiều | ||
| 980 | |a Trung tâm Học liệu Trường Đại học Cần Thơ | ||